000 00336nam a2200133Ia 4500
008 210210b1962 xxu||||| |||| 00| 0 eng d
082 _aS891.6 VELR
100 _aVELANKAR (H D), Ed.
245 _aRgveda-Mandala VII.
260 _aBombay
_bUniversity of Bombay
_c1962
300 _a215
690 _aSanskrit Prakirana
906 _a030697
999 _c81738
_d81738